La espada en el arado (Record no. 34)

000 -CABECERA
fixed length control field 00718nam a22001817a 4500
003 - IDENTIFICADOR DEL NÚMERO DE CONTROL
control field AR-CdUCM
008 - DATOS DE LONGITUD FIJA--INFORMACIÓN GENERAL
fixed length control field 190220b ||||| |||| 00| 0 spa d
040 ## - FUENTE DE LA CATALOGACIÓN
Agencia/entidad que catalogó originalmente la obra MUNICIPALIDAD PROVINCIAL DEL CUSCO
Entidad que transcribió la catalogación BIBLIOTECA MUNICIPAL DEL CUSCO
082 ## - NÚMERO DE LA CLASIFICACIÓN DECIMAL DEWEY
No. de Clasificación 933 /
Notacion interna P191
100 ## - ENTRADA PRINCIPAL--NOMBRE DE PERSONA
Nombre Personal Panesso, Antonio
245 ## - MENCIÓN DE TÍTULO
Título La espada en el arado
260 ## - PUBLICACIÓN, DISTRIBUCIÓN, ETC.
Lugar de publicación, distribución, etc. Colombia :
Nombre de la editorial, distribuidor, etc. Tercer Mundo ,
Fecha de publicación, distribución, etc. 1975 .
300 ## - DESCRIPCIÓN FÍSICA
Nº de Páginas Extensión 258 páginas
Otros detalles físicos algunas ilustraciones
Dimensiones 20cm
505 ## - NOTA DE CONTENIDO CON FORMATO
Nota de contenido formateada La guerra diplomática -- El Medio Oriente -- El primer alcalde judío de Jerusalen -- Gases tóxicos en la guerra árabe -- Una solución comercial para árabes y judíos
650 ## - PUNTO DE ACCESO ADICIONAL DE MATERIA--TÉRMINO DE MATERIA
Descriptor Guerras en el medio oriente
9 (RLIN) 178
942 ## - ELEMENTOS DE PUNTO DE ACCESO ADICIONAL (KOHA)
Fuente de clasificación
Tipo de item Libros-BMC
945 ## - PROCESAMIENTO DE INFORMACIÓN LOCAL (OCLC)
Catalogador nom
AAAA-MM-DD - Fecha de ingreso o modificacion 2019-02-20
Holdings
Estado de retiro (separado) Fuente de clasificación o esquema de estanterías Estado dañado Ubicación Sala donde se ubica Nombre de la colección Fecha de adquisición o compra Costo, precio normal en soles Signatura topográfica Código de Barras Última vez visto (Koha) Tipo de ítem (Koha)
No     Sala Humanidades Sala Humanidades Book Cart 2019-02-20 12.00 933 / P191 SH0000000244 2019-02-20 Libros-BMC

Powered by Koha